000 01022nas a2200349 4500
001 BR2016004707
003 BR-BrBNA
005 20231205130730.0
007 ta
008 230509b bl.|||p| |||| 00| 00por d
040 _aBR-BrBNA
_bpor
_cBiblioteca Nacional de Agricultura
041 _a(Pt)
072 _aL74
100 1 _aMerlini, N.B.
100 1 _aGuberman, U.C.
100 1 _aGandolfi, M.G.
100 1 _aSouza, V.L. de
100 1 _aRodas, N.R.
100 1 _aRanzani, J.J.T.
100 1 _aBrandão, C.V.S.
245 1 _aEstudo retrospectivo de 71 casos de protrusão da glândula de terceira pálpebra (2009-2013)
650 _aCÃO
650 _aGATO
650 _aÓLEO
650 _aGLÂNDULA
650 _aDIAGNÓSTICO
650 _aINSPEÇÃO
650 _aDISTÚRBIO ANIMAL
773 0 _tArquivos de Ciências Veterinárias e Zoologia da UNIPAR (Brazil)
_xISSN 1415-8167
_g, v. 17(3) p. 177-180
_wBR2016004707
909 _a202311
_bLúcia
_c55
_dLúcia Elande
942 _2AGRIS
_n0
_cANA
999 _c250910
_d250910